Košice dohodovali, roku 2014 sa neboja titul Európske hlavné mesto kultúry putuje z Košíc a francúzskeho Marseille do Lotyšska a Švédska

Bibliographic Details
Main Author: Jesenský, Mikuláš (Author)
Format: Article
Language:Slovak
PhysicalDescription:Fotogr.
ISSN:1335-440X
Subjects:

MARC

LEADER 00000nab a2200000 a 4500
001 vtls010565831
003 SK-MaSNL
005 20260303085436.0
008 131216c2013 xo drz 0 0slo
038 |a KEVKJB 
040 |a KEVKJB  |b slo  |c KEVKJB  |e AACR2 
041 0 |a slo 
044 |a xo  |c SK 
080 |a 008(083.94)  |2 2001 
100 1 |a Jesenský, Mikuláš  |4 aut  |9 266855 
245 1 0 |a Košice dohodovali, roku 2014 sa neboja  |b titul Európske hlavné mesto kultúry putuje z Košíc a francúzskeho Marseille do Lotyšska a Švédska  |c Mikuláš Jesenský 
300 |b Fotogr. 
610 2 7 |a Európske hlavné mesto kultúry 2013  |2 kevkjb  |9 168570 
651 7 |a Košice (Slovensko)  |2 kevkjb  |9 18694 
773 0 |t Sme  |g Roč. 21, č. 292 (16.12.2013), s. 15  |x 1335-440X 
852 |a KEVKJB  |b KIS3GCP 
999 |c 1799273  |d 1801203